00602nam a2200169 a 450000100100000000500170001000800410002704000250006808200150009311000650010824500900017326000660026330000200032950000280034970000270037770000280040400004516720201002045931.0110425s1980 dr r 000 0 spa d aDO-SdBNPbspacBNPHU axxxxbxxxx1 aSociedad Dominicana de BibliófilosbRepública Dominicana00aInforme anual 1984 /ccompilación Isabel Pareja ; Edición Pilar Soto de Rainieri. aSanto Domingo :bSociedad Dominicana de Bibliófilos,c1980. a35 p. ;c22 cm. aX Aniversario 1974-198412aPareja, Isabel,ecomp.12aSoto de Rainieri, Pilar